Cảm thức thời gian trong thơ Xuân Diệu trước và sau cách mạng tháng tám - 1945
Giới thiệu về cuộc đời và sự nghiệp sáng tác của Xuân Diệu. Cảm thức thời gian trong thơ Xuân Diệu trước cách mạng tháng tám -1945. Cảm thức thời gian trong thơ Xuân Diệu sau cách mạng tháng tám - 1945.
Bewaard in:
| Hoofdauteur: | |
|---|---|
| Andere auteurs: | |
| Formaat: | Boek |
| Taal: | Vietnamese |
| Gepubliceerd in: |
Đà Nẵng
Đại học Đà Nẵng
2009
|
| Onderwerpen: | |
| Tags: |
Voeg label toe
Geen labels, Wees de eerste die dit record labelt!
|
| Thư viện lưu trữ: | Mạng thư viện Đại học Đà Nẵng |
|---|
| LEADER | 01610nam a2200349 4500 | ||
|---|---|---|---|
| 001 | 000010659 | ||
| 003 | 6867 | ||
| 005 | 20111216101218.0 | ||
| 008 | 111216s2009 viesd | ||
| 041 | |a vie | ||
| 072 | |a Luận văn Thạc sĩ Khoa học Xã hội và nhân văn | ||
| 082 | |a 895.9221 |b NG-A | ||
| 100 | |a Nguyễn Minh Ánh | ||
| 245 | |a Cảm thức thời gian trong thơ Xuân Diệu trước và sau cách mạng tháng tám - 1945 |c Nguyễn Minh Ánh | ||
| 260 | |a Đà Nẵng |b Đại học Đà Nẵng |c 2009 | ||
| 300 | |a 102tr |c 29cm | ||
| 500 | |a Luận văn Thạc sĩ Khoa học Xã hội và nhân văn. Chuyên ngành: Văn học Việt Nam. Mã số: 60.22.34 | ||
| 520 | |a Giới thiệu về cuộc đời và sự nghiệp sáng tác của Xuân Diệu. Cảm thức thời gian trong thơ Xuân Diệu trước cách mạng tháng tám -1945. Cảm thức thời gian trong thơ Xuân Diệu sau cách mạng tháng tám - 1945. | ||
| 653 | |a Xuân Diệu | ||
| 653 | |a Văn học | ||
| 653 | |a Luận văn Thạc sĩ Văn học Việt Nam | ||
| 700 | |a Phan Ngọc Thu |c TS |e Hướng dẫn | ||
| OWN | |a LSP | ||
| AVA | |a UDN50 |b LSP |d 895.9221 NG-A |e available |t Error 5001 Not defined in file expand_doc_bib_avail. |f 1 |g 0 |h N |i 0 |k 1 | ||
| 999 | |a From the UDN01 | ||
| AVA | |a UDN50 |b LSP |d 895.9221 NG-A |e available |t Error 5001 Not defined in file expand_doc_bib_avail. |f 1 |g 0 |h N |i 0 |k 1 | ||
| TYP | |a Monograph | ||
| TYP | |a Printed language | ||
| 980 | |a Mạng thư viện Đại học Đà Nẵng | ||